Many nations : (Record no. 2026)

MARC details
000 -LEADER
fixed length control field 01234cam a2200373 a 4500
001 - CONTROL NUMBER
control field 2026
003 - CONTROL NUMBER IDENTIFIER
control field FISKH
005 - DATE AND TIME OF LATEST TRANSACTION
control field 20260304094104.0
008 - FIXED-LENGTH DATA ELEMENTS--GENERAL INFORMATION
fixed length control field 970311s1997 njua b 000 0 eng
010 ## - LIBRARY OF CONGRESS CONTROL NUMBER
LC control number 97012271
020 ## - INTERNATIONAL STANDARD BOOK NUMBER
International Standard Book Number 0816743894
020 ## - INTERNATIONAL STANDARD BOOK NUMBER
International Standard Book Number 078073005994
020 ## - INTERNATIONAL STANDARD BOOK NUMBER
International Standard Book Number 9780439635905
040 ## - CATALOGING SOURCE
Original cataloging agency DLC
Transcribing agency DLC
Modifying agency DLC
Language of cataloging eng
042 ## - AUTHENTICATION CODE
Authentication code lcac
043 ## - GEOGRAPHIC AREA CODE
Geographic area code n-us---
050 00 - LIBRARY OF CONGRESS CALL NUMBER
Classification number E77.4
Item number .B78 1997
082 00 - DEWEY DECIMAL CLASSIFICATION NUMBER
Classification number 970/.00497
Edition number 21
100 1# - MAIN ENTRY--PERSONAL NAME
Personal name Bruchac, Joseph,
Dates associated with a name 1942-
245 10 - TITLE STATEMENT
Title Many nations :
Remainder of title an alphabet of Native America /
Statement of responsibility, etc. by Joseph Bruchac ; illustrated by Robert F. Goetzl.
260 ## - PUBLICATION, DISTRIBUTION, ETC.
Place of publication, distribution, etc. New York :
Name of publisher, distributor, etc. Scholastic,
Date of publication, distribution, etc. 1997.
300 ## - PHYSICAL DESCRIPTION
Extent 32 unnumbered pages :
Other physical details color illustrations ;
Dimensions 22 x 28 cm
505 ## - FORMATTED CONTENTS NOTE
Formatted contents note M<br/>
520 ## - SUMMARY, ETC.
Summary, etc. Illustrations and brief text present aspects of the lives of the many varied native peoples across North America.
521 8# - TARGET AUDIENCE NOTE
Target audience note 580<br/>
Source Lexile AD <br/>
521 8# - TARGET AUDIENCE NOTE
Target audience note M<br/>
Source Raz-Plus<br/>
650 #0 - SUBJECT ADDED ENTRY--TOPICAL TERM
Topical term or geographic name entry element Indians of North America
Form subdivision Juvenile literature.
650 #0 - SUBJECT ADDED ENTRY--TOPICAL TERM
Topical term or geographic name entry element Alphabet books.
650 #1 - SUBJECT ADDED ENTRY--TOPICAL TERM
Topical term or geographic name entry element Indians of North America
Form subdivision Miscellanea.
650 #1 - SUBJECT ADDED ENTRY--TOPICAL TERM
Topical term or geographic name entry element Alphabet.
700 1# - ADDED ENTRY--PERSONAL NAME
Personal name Goetzl, Robert F.,
Relator term illustrator
906 ## - LOCAL DATA ELEMENT F, LDF (RLIN)
a 7
b cbc
c orignew
d 1
e ocip
f 19
g y-gencatlg
942 ## - ADDED ENTRY ELEMENTS (KOHA)
Source of classification or shelving scheme Dewey Decimal Classification
Koha item type Books
Suppress in OPAC No
Holdings
Withdrawn status Lost status Source of classification or shelving scheme Damaged status Not for loan Collection Home library Current library Shelving location Date acquired Total Checkouts Full call number Barcode Date last seen Copy number Price effective from Koha item type
    Dewey Decimal Classification     Non-Fiction Footprints International School Library Network Toul Kork Campus Footprints International School Library Network Toul Kork Campus TK Primary Library Room(4th Floor), Bookcase 3&4, Shelves 17-32, Yellow Books 10/30/2023   BRU 970.00497 E77.B78 FISTK04186 10/30/2023 1 10/30/2023 Books
    Dewey Decimal Classification     Non-Fiction Footprints International School Library Network Toul Kork Campus Footprints International School Library Network Toul Kork Campus TK Primary Library Room(4th Floor), Bookcase 3&4, Shelves 17-32, Yellow Books 10/30/2023   BRU 970.00497 E77.B78 FISTK04184 10/30/2023 2 10/30/2023 Books
    Dewey Decimal Classification     Non-Fiction Footprints International School Library Network Toul Kork Campus Footprints International School Library Network Toul Kork Campus TK Primary Library Room(4th Floor), Bookcase 3&4, Shelves 17-32, Yellow Books 10/30/2023   BRU 970.00497 E77.B78 FISTK04185 10/30/2023 3 10/30/2023 Books
    Dewey Decimal Classification     Non-Fiction Footprints International School Library Network Toul Kork Campus Footprints International School Library Network Toul Kork Campus TK Primary Library Room(4th Floor), Bookcase 3&4, Shelves 17-32, Yellow Books 04/11/2024   BRU 970.00497 E77.B78 FISBK06033 04/11/2024 4 04/11/2024 Books
    Dewey Decimal Classification     Non-Fiction Footprints International School Library Network Toul Kork Campus Footprints International School Library Network Toul Kork Campus TK Primary Library Room(4th Floor), Bookcase 3&4, Shelves 17-32, Yellow Books 04/11/2024   BRU 970.00497 E77.B78 FISTK02135 04/11/2024 5 04/11/2024 Books
    Dewey Decimal Classification     Non-Fiction Footprints International School Library Network Toul Kork Campus Footprints International School Library Network Toul Kork Campus TK Primary Library Room(4th Floor), Bookcase 3&4, Shelves 17-32, Yellow Books 07/16/2024   BRU 970.00497 E77.B78 FISTKG2A082 07/16/2024 6 07/16/2024 Books
    Dewey Decimal Classification     Non-Fiction Footprints International School Library Network Toul Kork Campus Footprints International School Library Network Toul Kork Campus TK Primary Library Room(4th Floor), Bookcase 3&4, Shelves 17-32, Yellow Books 11/26/2024   BRU 970.00497 E77.B78 2024-2378 11/26/2024 7 11/26/2024 Books
    Dewey Decimal Classification     Non-Fiction Footprints International School Library Network Toul Kork Campus Footprints International School Library Network Toul Kork Campus TK Primary Library Room(4th Floor), Bookcase 3&4, Shelves 17-32, Yellow Books 01/31/2025   BRU 970.00497 E77.B78 2025-0118 01/31/2025 8 01/31/2025 Books
    Dewey Decimal Classification     Non-Fiction Footprints International School Library Network Toul Tom Poung Campus Footprints International School Library Network Toul Tom Poung Campus TTP Primary Yellow Bookshelves 03/27/2025   BRU 970.00497 E77.B78 2025-0832 03/27/2025 9 03/27/2025 Books
    Dewey Decimal Classification     Non-Fiction Footprints International School Library Network Toul Tom Poung Campus Footprints International School Library Network Toul Tom Poung Campus TTP Primary Yellow Bookshelves 06/12/2025   BRU 970.00497 E77.B78 2025-1597 06/12/2025 10 06/12/2025 Books
    Dewey Decimal Classification     Non-Fiction Footprints International School Library Network Toul Tom Poung Campus Footprints International School Library Network Toul Tom Poung Campus TTP Primary Yellow Bookshelves 08/25/2025   BRU 970.00497 E77.B78 FISBK06026 08/25/2025 11 08/25/2025 Books
    Dewey Decimal Classification     Non-Fiction Footprints International School Library Network Toul Tom Poung Campus Footprints International School Library Network Toul Tom Poung Campus TTP Primary Yellow Bookshelves 03/04/2026   BRU 970.00497 E77.B78 FIS01976 03/04/2026 12 03/04/2026 Books